Представление документа в формате MARC21

Поле Инд. ПП Название Значение
Тип записи a
Библиографический уровень b
001 Контрольный номер c0b71e2f76764ea0b502ac15bb1c4a01
005 Дата корректировки 20220405162148.3
024 80 a Стандартный номер DOI: 10.1088/0954-3899/42/11/115201
040 a Служба первич. каталог. РИНЦ
041 0_ a Код языка текста eng
084 a Индекс другой классификации/Индекс ББК 22.381
097 a Ануфриева Г.Ю.
097 a Спаскова Н.О.
100 1_ a Автор Gerda Collaboration
100 1_ a Автор Agostini M.
100 1_ a Автор Bode T.
100 1_ a Автор Budjas D.
100 1_ q Полное имя Клименко Александр Адольфович
g Прочие сведения РИНЦ AuthorID: 22021 (http://elibrary.ru/author_items.asp?authorid=22021)
a Автор Klimenko A.
u Дополнение Клименко А. А.
c Титул (звания) кандидат физико-математических наук; доцент (должность)
i 000090557
k Кафедра общей физики; Общеобразовательные кафедры
100 1_ q Полное имя Егоров Вячеслав Георгиевич
g Прочие сведения РИНЦ AuthorID: 28201 (http://elibrary.ru/author_profile.asp?id= 28201); Scopus Author ID: 7202505002 (https://www.scopus.com/authid/detail.uri?authorId=7202505002)
a Автор Egorov V.
u Дополнение Егоров В. Г.; Egorov V. G.
c Титул (звания) доктор физико-математических наук
i 000089176
k Кафедра нанотехнологий и новых материалов; Факультет естественных и инженерных наук
100 1_ a Автор Nemchenok I. B.
q Полное имя Немченок Игорь Борисович
g Прочие сведения РИНЦ AuthorID: 44551 (https://elibrary.ru/author_items.asp?authorid=44551); Scopus Author ID: 8401877000 (https://www.scopus.com/authid/detail.uri?authorId=8401877000); ResearcherID: F-9715-2014 (http://www.researcherid.com/rid/F-9715-2014)
i 000090997
k Ректорат
c Титул (звания) доцент (ученое звание); кандидат химических наук; доцент (должность); ученый секретарь; заведующий кафедрой
245 10 a Заглавие 2νββ decay of 76Ge into excited states with GERDA phase I
650 04 a Основная рубрика физика; ядерная физика; экспериментальная физика
773 18 t Название источника Journal of Physics G: Nuclear and Particle Physics
b Сведения об издании Institute of Physics and IOP Publishing Ltd.
c Великобритания
d Место и дата издания 2015
m Специф. данные входит в Scopus
m Специф. данные входит в WoS
m Специф. данные входит в ядро РИНЦ
n Примечание http://elibrary.ru/title_about.asp?id=2416
x ISSN 0954-3899
g Прочая информация V. 42. - № 11. - P. 115201
w Контрольный № источника ef8e195b47054011a70e823af1bdce48
856 40 u URL http://elibrary.ru/item.asp?id=24972124
901 t Тип документа b
952 c Вид литературы статья в журнале